000 00747nam a22001817a 4500
003 OSt
005 20120303100216.0
008 110131t xxu||||| |||| 00| 0 eng d
040 _cVPM, Thane
100 _aगुंडोपंत, हरिभक्‍त
_9410
245 _a०१२ सद्धर्म - त्रैमासिक : जुलै १९६८
260 _aठाणे
_bविद्या प्रसारक मंडळ
_c१९६८
300 _a१७
520 _aगुंडोपंत, हरिभक्‍त
600 _aगुंडोपंत, हरिभक्‍त
_9411
856 _uhttp://dspace.vpmthane.org:8080/jspui/bitstream/123456789/278/1/012July68.pdf
942 _2ddc
_cEJOURNAL
999 _c827723
_d827720